000
00309nam a22001217a 4500
008
180604b xxu||||| |||| 00| 0 eng d
041
_a
eng
080
_a
043.3
100
_a
0
101
_a
SHKI-BA
245
_a
Nevoja per Zhvillimin e Standardit Camel ne Rrjetet Inteligjente
_c
Berisha, E
942
_2
udc
_c
BK
999
_c
46276
_d
46276